| 000 | 00608nam a22002052 4500 | ||
|---|---|---|---|
| 001 | 0000009056 | ||
| 005 | 20151217155839.0 | ||
| 008 | 080731s xx 000 0 eng d | ||
| 020 |
_a9966970118 : _cDonation |
||
| 040 |
_aKABU _cKABU |
||
| 245 | 1 | 0 |
_aCivic education for schools and colleges : _ba source book. |
| 250 | _a2nd ed. | ||
| 260 |
_aNairobi : _bDaraja - Civic Initiatives Forum, _c2004. |
||
| 300 | _aix, 148 p. | ||
| 650 | 0 |
_aCivics. _@0000160008 |
|
| 650 | 0 |
_aCitizenship. _@0000160009 |
|
| 908 | _a080731 | ||
| 950 | _@1 | ||
| 999 |
_c13150 _d13150 |
||